|
|
|
|
| LEADER |
01667nam a2200409 a 4500 |
| 001 |
EBC3415185 |
| 003 |
MiAaPQ |
| 005 |
20200520144314.0 |
| 006 |
m o d | |
| 007 |
cr cn||||||||| |
| 008 |
110218s2010 ne abd sb 000 0 eng d |
| 010 |
|
|
|z 2011371937
|
| 020 |
|
|
|z 9789086861255
|
| 020 |
|
|
|z 9789086867028 (e-book)
|
| 035 |
|
|
|a (MiAaPQ)EBC3415185
|
| 035 |
|
|
|a (Au-PeEL)EBL3415185
|
| 035 |
|
|
|a (CaPaEBR)ebr10688315
|
| 035 |
|
|
|a (OCoLC)923505524
|
| 040 |
|
|
|a MiAaPQ
|c MiAaPQ
|d MiAaPQ
|
| 043 |
|
|
|a f-iv---
|
| 050 |
|
4 |
|a HG4027.7
|b .B517 2010
|
| 100 |
1 |
|
|a Binate Fofana, Namizata,
|d 1962-
|
| 245 |
1 |
0 |
|a Efficacy of micro-financing women's activities in Cote d'Ivoire
|h [electronic resource] :
|b evidence from rural areas and HIV/AIDS-affected women /
|c Namizata Binate Fofana.
|
| 260 |
|
|
|a Wageningen :
|b Wageningen Academic Publishers,
|c 2010.
|
| 300 |
|
|
|a 203 p. :
|b ill., maps.
|
| 490 |
1 |
|
|a AWLAE series,
|x 1574-2474 ;
|v no. 8
|
| 500 |
|
|
|a Also published as thesis--Wageningen University, 2010.
|
| 504 |
|
|
|a Includes bibliographical references (p. 173-181).
|
| 533 |
|
|
|a Electronic reproduction. Ann Arbor, MI : ProQuest, 2015. Available via World Wide Web. Access may be limited to ProQuest affiliated libraries.
|
| 650 |
|
0 |
|a Women owned business enterprises
|z Cote d'Ivoire
|x Finance.
|
| 650 |
|
0 |
|a Microfinance
|z Cote d'Ivoire.
|
| 650 |
|
0 |
|a Rural women
|z Cote d'Ivoire.
|
| 650 |
|
0 |
|a AIDS (Disease)
|x Patients
|z Cote d'Ivoire.
|
| 655 |
|
4 |
|a Electronic books.
|
| 710 |
2 |
|
|a ProQuest (Firm)
|
| 830 |
|
0 |
|a AWLAE series ;
|v no. 8.
|
| 856 |
4 |
0 |
|u https://ebookcentral.proquest.com/lib/matrademy/detail.action?docID=3415185
|z Click to View
|